| 000 | 01111cam a22003614a 4500 | ||
|---|---|---|---|
| 001 | 15119050 | ||
| 003 | PILC | ||
| 005 | 20151012133746.0 | ||
| 008 | 071219s2007 ph a b 000 0 eng | ||
| 010 | _a 2007316717 | ||
| 020 | _a9789719159322 | ||
| 040 |
_aDLC _cDLC _dDLC |
||
| 042 | _alcode | ||
| 043 | _aa-ph--- | ||
| 050 | 0 | 0 |
_aRT 97 _b.P832 2007 |
| 245 | 0 | 0 | _aPublic health nursing in the Philippines / |
| 250 | _a10th edition. | ||
| 260 |
_aManila : _bNational League of Philippine Government Nurses, _c2007. |
||
| 300 |
_a390 pages : _billustrations ; _c24 cm. |
||
| 500 | _aIncludes bibliographical references. | ||
| 562 | _eFor Circulation. 1 copy available in the collection | ||
| 650 | 0 |
_aPublic health nursing _zPhilippines. |
|
| 650 | 0 |
_aPublic health _zPhilippines. |
|
| 710 | 2 | _aNational League of Philippine Government Nurses. | |
| 906 |
_a7 _bcbc _corigode _d3 _encip _f20 _gy-gencatlg |
||
| 942 |
_2lcc _cBK _kLOC |
||
| 999 |
_c17009 _d17009 |
||